|
|
|
|
| LEADER |
00000nab a2200000 a 4500 |
| 001 |
vtls000278126 |
| 003 |
SK-MaSNL |
| 005 |
20260303202955.0 |
| 008 |
160204c1986 xo 0 cze |
| 015 |
|
|
|a SNBRA19rr/mm-uuuuu
|
| 035 |
|
|
|a CL0288244
|
| 040 |
|
|
|a SNKBUCL
|b slo
|c SNKBUCL
|e AACR2
|
| 041 |
0 |
|
|a cze
|
| 044 |
|
|
|a xo
|c SK
|
| 080 |
|
|
|a 656.222.3:656.223.2
|2 1981
|
| 080 |
|
|
|a 656.223.2
|2 1981
|
| 100 |
1 |
|
|a Mojžíš, Vlastislav,
|d 1942-
|4 aut
|9 117897
|
| 245 |
1 |
0 |
|a Posuzování účelnosti spojování místního
|c Vlastislav Mojžíš
|
| 300 |
|
|
|b Tb. 1. Graf 1. Sch. 1. Res. čes., rus., nem., angl., lit. 5 zázn. v češ., ruš.
|
| 650 |
0 |
7 |
|a nákladné vlaky
|2 snkbucl
|9 239080
|
| 650 |
0 |
7 |
|a vlakotvorba
|2 snkbucl
|9 74174
|
| 655 |
|
7 |
|a články zo zborníkov
|2 snkbucl
|9 166140
|
| 773 |
0 |
|
|t Práce a štúdie Vysokej školy dopravy a spojov v Žiline. Séria prevádzky a ekonomiky dopravy a spojov. Zv. 6
|d Bratislava : Alfa, 1986
|g S. 73-80
|
| 850 |
|
|
|a Slovenská národná knižnica v Martine
|a MTA001
|
| 852 |
|
|
|a SNK
|b KIS3GCP
|
| 958 |
|
|
|a NB
|
| 958 |
|
|
|a RK
|
| 958 |
|
|
|a CZ
|
| 992 |
|
|
|a RZB
|
| 999 |
|
|
|c 2182995
|d 2184925
|